000 00288nam a22001337a 4500
008 180904b xxu||||| |||| 00| 0 eng d
020 _a9781416002734
041 _aeng
080 _a611
100 _a4
101 _aSHM
245 _aClinical Diabetes
_cFonseca, V.A
942 _2udc
_cBK
999 _c47497
_d47497